书目信息 |
| 题名: |
川藏公路地质灾害及其防治对策研究
|
|
| 作者: | 杨志法 著 | |
| 分册: | ||
| 出版信息: | 北京 科学出版社 2006 |
|
| 页数: | 332页 | |
| 开本: | 26cm | |
| 丛书名: | ||
| 单 册: | ||
| 中图分类: | U418.5 | |
| 科图分类: | ||
| 主题词: | 道路工程--地质--自然灾害--灾害防治--研究--四川省 , 道路工程--地质--自然灾害--灾害防治--研究--西藏自治区 , 道路工程 , 地质 , 自然灾害 , 灾害防治 | |
| 电子资源: | ||
| ISBN: | 7-03-016015-0 | |
| 000 | 01288nam0 2200325 450 | |
| 001 | 003264318 | |
| 005 | 20070805145634.76 | |
| 010 | @a7-03-016015-0@dCNY54.00 | |
| 035 | @a003264318 | |
| 100 | @a20060104d2006 em y0chiy0110 ea | |
| 101 | 0 | @achi |
| 102 | @aCN@b110000 | |
| 105 | @aa z 000yy | |
| 106 | @ar | |
| 200 | 1 | @a川藏公路地质灾害及其防治对策研究@Achuan cang gong lu di zhi zai hai ji qi fang zhi dui ce yan jiu@e以八宿至林芝路段为例@Eyi ba su zhi lin zhi lu duan wei li@f杨志法[等]著@Fyang zhi fa [ deng ] zhu |
| 210 | @a北京@c科学出版社@d2006 | |
| 215 | @a332页@c图@d26cm | |
| 300 | @a中国科学院知识创新工程方向项目(KZCX2-306)、国家重点基础研究发展规划项目(2002CB412701)、中国科学院地质与地球物理研究所工程地质力学重点实验室资助 | |
| 304 | @a著者还有:尚彦军、张路青、许兵等 | |
| 330 | @a本书以工程地质力学综合集成方法论为手段,针对川藏公路沿线地质灾害严重的八宿至林芝路段开展了较系统的工程地质力学研究。 | |
| 606 | 0 | @a道路工程@x地质@x自然灾害@x灾害防治@x研究@y四川省 |
| 606 | 0 | @a道路工程@x地质@x自然灾害@x灾害防治@x研究@y西藏自治区 |
| 606 | 0 | @a道路工程 |
| 606 | 0 | @a地质 |
| 606 | 0 | @a自然灾害 |
| 606 | 0 | @a灾害防治 |
| 690 | @aU418.5@v4 | |
| 701 | 0 | @a杨志法@Ayang zhi fa@f(1944~)@4著 |
| 801 | 0 | @aCN@bNLC@c20070805 |
| 905 | @dU418.5@e187@f4 | |
| 川藏公路地质灾害及其防治对策研究:以八宿至林芝路段为例/杨志法[等]著.-北京:科学出版社,2006 |
| 332页:图;26cm |
| 中国科学院知识创新工程方向项目(KZCX2-306)、国家重点基础研究发展规划项目(2002CB412701)、中国科学院地质与地球物理研究所工程地质力学重点实验室资助 |
| ISBN 7-03-016015-0:CNY54.00 |
| 本书以工程地质力学综合集成方法论为手段,针对川藏公路沿线地质灾害严重的八宿至林芝路段开展了较系统的工程地质力学研究。 |
| ● |
| 相关链接 |
|
|
|
|
正题名:川藏公路地质灾害及其防治对策研究
索取号:U418.5/187
 
预约/预借
| 序号 | 登录号 | 条形码 | 馆藏地/架位号 | 状态 | 备注 |
| 1 | 0851913 | 208519138 | 第二样本阅览室/ [索取号:U418.5/187] | 在馆 | |
| 2 | 0851914 | 208519147 | 第三借阅区/ [索取号:U418.5/187] | 在馆 | |
| 3 | 0851915 | 208519156 | 第三借阅区/ [索取号:U418.5/187] | 在馆 | |
| 4 | 0851916 | 208519165 | 第三借阅区/ [索取号:U418.5/187] | 在馆 |